U.S. Cities That Lost Half Their Population - Statistics

General Stats
  • This quiz has been taken 85 times
    54 since last reset
  • The average score is 9 of 18
Answer Stats
Peak Year Low Year % 2020 City % Correct
1,849,568 1950 Now -65.4 639,111 Detroit
94%
856,796 1950 Now -64.8 301,578 St. Louis
89%
676,806 1950 Now -55.2 302,971 Pittsburgh
83%
914,808 1950 Now -59.8 367,991 Cleveland
81%
178,320 1960 Now -61.3 69,093 Gary, IN
81%
196,940 1960 Now -58.7 81,252 Flint
75%
580,132 1950 261,310 2010 -55.0 278,349 Buffalo
69%
168,330 1950 Now -64.3 60,068 Youngstown
61%
98,265 1960 Now -55.0 44,202 Saginaw
53%
82,366 1950 Now -77.4 18,649 E. St. Louis, IL
44%
102,394 1960 Now -52.5 48,671 Niagara Falls
39%
61,659 1930 Now -56.1 27,062 Wheeling, WV
31%
67,327 1920 Now -72.6 18,411 Johnstown, PA
28%
86,626 1930 41,498 2010 -52.1 44,328 Wilkes-Barre
28%
56,268 1930 18,372 1990 -67.3 28,433 Hamtramck, MI
25%
66,039 1950 Now -50.6 32,605 Chester, PA
19%
52,959 1930 Now -83.0 8,977 Highland Park, MI
17%
55,355 1940 Now -68.1 17,727 McKeesport, PA
17%
No matching quizzes found
Score Distribution
Percent of People with Each Score
Percentile by Number Answered
Your Score History
You have not taken this quiz since the last reset